<?xml version="1.0" encoding="UTF-8"?>
<collection xmlns="http://www.loc.gov/MARC21/slim">
<record>
  <controlfield tag="001">201155</controlfield>
  <controlfield tag="005">20250829124036.0</controlfield>
  <datafield tag="980" ind1="1" ind2=" ">
    <subfield code="a">OPAC</subfield>
  </datafield>
  <datafield tag="980" ind1=" " ind2=" ">
    <subfield code="a">book</subfield>
  </datafield>
  <datafield tag="980" ind1=" " ind2=" ">
    <subfield code="a">I:(DE-Ds200)20120319OR030</subfield>
  </datafield>
  <datafield tag="980" ind1=" " ind2=" ">
    <subfield code="a">I:(DE-Ds200)BUD-20051214OR030</subfield>
  </datafield>
  <datafield tag="980" ind1=" " ind2=" ">
    <subfield code="a">UNRESTRICTED</subfield>
  </datafield>
  <datafield tag="336" ind1="7" ind2=" ">
    <subfield code="2">BibTeX</subfield>
    <subfield code="a">BOOK</subfield>
  </datafield>
  <datafield tag="336" ind1="7" ind2=" ">
    <subfield code="0">PUB:(DE-HGF)3</subfield>
    <subfield code="2">PUB:(DE-HGF)</subfield>
    <subfield code="a">Book</subfield>
    <subfield code="b">book</subfield>
    <subfield code="m">book</subfield>
    <subfield code="s">1487929030_14326</subfield>
  </datafield>
  <datafield tag="336" ind1="7" ind2=" ">
    <subfield code="2">DataCite</subfield>
    <subfield code="a">Output Types/Book</subfield>
  </datafield>
  <datafield tag="336" ind1="7" ind2=" ">
    <subfield code="2">ORCID</subfield>
    <subfield code="a">BOOK</subfield>
  </datafield>
  <datafield tag="336" ind1="7" ind2=" ">
    <subfield code="0">1</subfield>
    <subfield code="2">EndNote</subfield>
    <subfield code="a">Book</subfield>
  </datafield>
  <datafield tag="336" ind1="7" ind2=" ">
    <subfield code="2">DRIVER</subfield>
    <subfield code="a">book</subfield>
  </datafield>
  <datafield tag="037" ind1=" " ind2=" ">
    <subfield code="a">GSI-2017-00453</subfield>
  </datafield>
  <datafield tag="856" ind1="4" ind2=" ">
    <subfield code="u">http://www.gbv.de/dms/tib-ub-hannover/859710785.pdf</subfield>
    <subfield code="y">Contents</subfield>
  </datafield>
  <datafield tag="852" ind1="7" ind2=" ">
    <subfield code="2">DE-Ds200</subfield>
    <subfield code="a">GSI/FAIR Library</subfield>
    <subfield code="b">Main</subfield>
    <subfield code="c">539.7 THO Dis</subfield>
    <subfield code="h">539</subfield>
    <subfield code="p">00037792</subfield>
    <subfield code="t">1</subfield>
  </datafield>
  <datafield tag="852" ind1="7" ind2=" ">
    <subfield code="2">DE-Ds200</subfield>
    <subfield code="a">GSI/FAIR Library</subfield>
    <subfield code="b">Main</subfield>
    <subfield code="c">539.7 THO Dis</subfield>
    <subfield code="h">539</subfield>
    <subfield code="p">00052313</subfield>
    <subfield code="t">2</subfield>
  </datafield>
  <datafield tag="650" ind1=" " ind2="7">
    <subfield code="0">(DE-588)4014841-5</subfield>
    <subfield code="2">gnd</subfield>
    <subfield code="a">Entdeckung</subfield>
  </datafield>
  <datafield tag="913" ind1="1" ind2=" ">
    <subfield code="0">G:(DE-HGF)POF3-899</subfield>
    <subfield code="1">G:(DE-HGF)POF3-890</subfield>
    <subfield code="2">G:(DE-HGF)POF3-800</subfield>
    <subfield code="3">G:(DE-HGF)POF3</subfield>
    <subfield code="4">G:(DE-HGF)POF</subfield>
    <subfield code="a">DE-HGF</subfield>
    <subfield code="b">Programmungebundene Forschung</subfield>
    <subfield code="l">ohne Programm</subfield>
    <subfield code="v">ohne Topic</subfield>
    <subfield code="x">0</subfield>
  </datafield>
  <datafield tag="300" ind1=" " ind2=" ">
    <subfield code="a">xiii, 413 Seiten : Illustrationen, Diagramme</subfield>
  </datafield>
  <datafield tag="082" ind1=" " ind2=" ">
    <subfield code="a">539.7</subfield>
  </datafield>
  <datafield tag="588" ind1=" " ind2=" ">
    <subfield code="a">Dataset connected to GVK</subfield>
  </datafield>
  <datafield tag="245" ind1=" " ind2=" ">
    <subfield code="a">The discovery of isotopes</subfield>
    <subfield code="b">a complete compilation</subfield>
    <subfield code="c">Michael Thoennessen</subfield>
  </datafield>
  <datafield tag="024" ind1="7" ind2=" ">
    <subfield code="2">GVK</subfield>
    <subfield code="a">GVK:859710785</subfield>
  </datafield>
  <datafield tag="024" ind1="7" ind2=" ">
    <subfield code="2">altmetric</subfield>
    <subfield code="a">altmetric:14090079</subfield>
  </datafield>
  <datafield tag="260" ind1=" " ind2=" ">
    <subfield code="a">[Cham]</subfield>
    <subfield code="b">Springer</subfield>
    <subfield code="c">[2016]</subfield>
  </datafield>
  <datafield tag="020" ind1=" " ind2=" ">
    <subfield code="a">9783319317618</subfield>
  </datafield>
  <datafield tag="100" ind1="1" ind2=" ">
    <subfield code="0">P:(DE-HGF)0</subfield>
    <subfield code="a">Thoennessen, Michael</subfield>
    <subfield code="b">0</subfield>
  </datafield>
  <datafield tag="041" ind1=" " ind2=" ">
    <subfield code="a">eng</subfield>
  </datafield>
  <datafield tag="536" ind1=" " ind2=" ">
    <subfield code="0">G:(DE-HGF)POF3-899</subfield>
    <subfield code="a">899 - ohne Topic (POF3-899)</subfield>
    <subfield code="c">POF3-899</subfield>
    <subfield code="f">POF III</subfield>
    <subfield code="x">0</subfield>
  </datafield>
  <datafield tag="536" ind1=" " ind2=" ">
    <subfield code="0">G:(DE-Ds200)HGF-OPAC-P3</subfield>
    <subfield code="a">OPAC-P3 - OPAC Kernphysik / Nuclear physics (library classification) (HGF-OPAC-P3)</subfield>
    <subfield code="c">HGF-OPAC-P3</subfield>
    <subfield code="x">1</subfield>
  </datafield>
  <datafield tag="500" ind1=" " ind2=" ">
    <subfield code="a">Literaturangaben; English</subfield>
  </datafield>
</record>
</collection>